000 00687nam a2200181 a 4500
005 20140412111307.0
008 010503s19uu xx 00 eng d
020 _a0-7445-4069-0
050 _aTR(PS E
_bKa11 1995
100 _aGregory, Valiska
245 _aKate's giants /
_cValiska Gregory; illustrated by Virginia Austin.
260 _aLondon :
_bWalker Books,
_c1995.
300 _a1v. (unp.) ; ill.
520 _aKate doesn't like the attic door in her room. Scary things might come through it, she thinks. There might be wild animals or giants. . . and, lying in the dark, she's sure there are!
650 _aFear-Stories
650 _aChildren's stories
999 _c103748
_d103748